| Tag |
First Indicator |
Second Indicator |
Subfields |
| LEADER |
00000cam a2200000 a 4500 |
| 001 |
in00000080904 |
| 005 |
20151008054121.0 |
| 008 |
820218s1980 enka b 00110 eng |
| 010 |
|
|
|a 79041677
|
| 015 |
|
|
|a GB***
|
| 020 |
|
|
|a 0422772704
|
| 020 |
|
|
|a 0422772801 (pbk.)
|
| 035 |
|
|
|a (OCoLC)06976035
|
| 035 |
|
|
|9 AAH9690AM
|
| 039 |
0 |
|
|a 2
|b 3
|c 3
|d 3
|e 3
|
| 040 |
|
|
|a DLC
|c DLC
|d TXA
|d UtOrBLW
|
| 049 |
|
|
|a TXAM
|c [800605]
|
| 050 |
0 |
0 |
|a HD58.7
|b .K47
|
| 082 |
0 |
|
|a 658.4/001/9
|2 19
|
| 100 |
1 |
|
|a Kets de Vries, Manfred F. R.
|
| 245 |
1 |
0 |
|a Organizational paradoxes :
|b clinical approaches to management /
|c Manfred F.R. Kets de Vries.
|
| 264 |
|
1 |
|a London ;
|a New York, N.Y. :
|b Tavistock,
|c 1980.
|
| 300 |
|
|
|a x, 214 pages :
|b illustrations ;
|c 22 cm.
|
| 336 |
|
|
|a text
|b txt
|2 rdacontent
|
| 337 |
|
|
|a unmediated
|b n
|2 rdamedia
|
| 338 |
|
|
|a volume
|b nc
|2 rdacarrier
|
| 504 |
|
|
|a Includes bibliographical references and indexes.
|
| 650 |
|
0 |
|a Organizational behavior.
|
| 650 |
|
0 |
|a Management.
|
| 650 |
|
0 |
|a Psychology, Industrial.
|
| 999 |
|
|
|a MARS
|
| 999 |
f |
f |
|s 8a1009e8-2753-3659-9884-923fa84b27ee
|i a583dbeb-b2a3-30a9-b934-9ce2bcd8e8fa
|t 0
|
| 952 |
f |
f |
|p ric
|a Texas A&M University
|b Rellis Campus
|c Joint Library Facility
|d Remote Storage
|t 0
|e HD58.7 .K47
|h Library of Congress classification
|i unmediated -- volume
|m A14806124320
|
| 998 |
f |
f |
|a HD58.7 .K47
|t 0
|l Remote Storage
|